Jakob Heraklides Despota samoznawczy hospodar moldawski wobec Polski a Austryi (Запис № 430980)

МАРК-запис
000 -Лідер
fixed length control field 00604nam a22002297a 4500
003 - Ідентифікатор контрольного номера
control field UA-OsUOA
001 - Контрольний номер
control field 50851
007 - Фіксоване поле фізичного опису
fixed length control field ta
008 - Елементи даних фіксованої довжини – загальна інформація
fixed length control field 20140707b un ||||| |||| 00| 0 ukr d
090 ## - Локальний шифр розміщення
Класифікаційний індекс УДК 09.-94(4)
040 ## - Джерело каталогізації
Агенція оригінальної каталогізації UA-OsUOA
Мова каталогізації pol
Агенція, яка здійснювала перезапис UA-OsUOA
Агенція, яка здійснювала модифікацію UA-OsUOA
041 ## - Код мови
Код мови тексту/ звукової доріжки чи окремого заголовка (П) pol
080 ## - Індекс Універсальної десяткової класифікації
Індекс Універсальної десяткової класифікації (УДК) (НП) 09.-94(4)
100 ## - Основне введення – ім’я особи
Ім’я особи (НП) Kudelka B.
245 ## - Відомості про назву
Назва (НП) Jakob Heraklides Despota samoznawczy hospodar moldawski wobec Polski a Austryi
300 ## - Фізичний опис
Обсяг PP. 13-52 с.
650 #7 - Додаткове предметне введення – тематичний термін
Тематичний термін чи географічна назва, як елемент введення (НП) 0 Загальний відділ.
Джерело заголовка чи терміна UDC
773 0# - Введення хост-одиниці (П)
Назва (НП) Kwartalnik Historyczny, Vol. XXVI
Інформація про взаємозв’язок (П) 1912
942 ## - Додаткові елементи входу (Коха)
Тип елемента Koha Стаття періодики
955 ## - Код типу видання за змістом
Код типу видання за змістом (НП) Наукові видання

Немає доступних примірників.